000 00587cab a2200205 4500
001 WB3438-01
008 090401t1998 xxu||||| |||| 00| 0 eng d
035 _a(Sirsi) u88860
041 _aeng
245 _aCanary Wharf to float
260 _c1998
350 _a0
490 _aCommercial Property
_v4 October 1998, B3
520 _aBriefly describes the financial fortunes of Canary Wharf as preparations are underway for flotation on the stockmarket.
650 _aCANARY WHARF
650 _aFLOTATION
650 _aSTOCK MARKET LISTING
942 _n0
948 _c06/10/1998
999 _c56195
_d56195